Highest dog owning countries in the EU - Statistics

General Stats
  • This quiz has been taken 41 times
  • The average score is 6 of 10
Answer Stats
% dog owning households Answer % Correct
38 Poland
86%
27 Slovakia
69%
41 Czechia
66%
27 Latvia
66%
37 Lithuania
60%
30 Slovenia
60%
46 Romania
57%
36 Portugal
49%
33 Hungary
46%
34 Ireland
43%
No matching quizzes found
Score Distribution
Percent of People with Each Score
Percentile by Number Answered
Your Score History
You have not taken this quiz